Catálogo
 En Linea

Voices of the industrial revolution : (Registro nro. 41052)

Detalles MARC
000 -CABECERA
campo de control de longitud fija 00708nam a2200205 a 4500
001 - NÚMERO DE CONTROL
campo de control 000041562
005 - FECHA Y HORA DE LA ÚLTIMA TRANSACCIÓN
campo de control 20201002035635.0
008 - DATOS DE LONGITUD FIJA--INFORMACIÓN GENERAL
campo de control de longitud fija 131011s1968 miu 000 0 spa d
040 ## - FUENTE DE LA CATALOGACIÓN
Centro catalogador/agencia de origen DO-SdBNP
Lengua de catalogación spa
Centro/agencia transcriptor BNPHU
082 ## - NÚMERO DE LA CLASIFICACIÓN DECIMAL DEWEY
Número de clasificación xxx
Número de documento/Ítem B785v, 1968
100 1# - ENTRADA PRINCIPAL--NOMBRE DE PERSONA
Nombre de persona Bowditch, John
9 (RLIN) 68307
245 10 - MENCIÓN DE TÍTULO
Título Voices of the industrial revolution :
Resto del título Selected readings from the liberal ecocomists and their critics /
Mención de responsabilidad, etc. John Bowditch, Clement Ramsland.
250 ## - MENCIÓN DE EDICIÓN
Mención de edición 6a ed
260 ## - PUBLICACIÓN, DISTRIBUCIÓN, ETC.
Lugar de publicación, distribución, etc. Michigan :
Nombre del editor, distribuidor, etc. University of Michigan Press,
Fecha de publicación, distribución, etc. 1968.
300 ## - DESCRIPCIÓN FÍSICA
Extensión 187 p. ;
Dimensiones 21 cm.
490 1# - MENCIÓN DE SERIE
Mención de serie Ann Arbor paperbacks
Designación de volumen o secuencia AA53
500 ## - NOTA GENERAL
Nota general sixth printing.
700 12 - PUNTO DE ACCESO ADICIONAL--NOMBRE DE PERSONA
Nombre de persona Ramsland, Clement
9 (RLIN) 68308
830 #0 - PUNTO DE ACCESO ADICIONAL DE SERIE-TÍTULO UNIFORME
Título uniforme Ann Arbor paperbacks
Número de parte o sección de la obra AA53
9 (RLIN) 68309
Existencias
Estado de retiro Estado de pérdida Restricciones de uso No para préstamo Código de colección Localización permanente Ubicación/localización actual Ubicación en estantería Fecha de adquisición Número de inventario Total de préstamos Signatura topográfica completa Código de barras Fecha visto por última vez Precio válido a partir de Tipo de ítem Koha
      Excluido de préstamo Monografías: Libros y Folletos General General En catalogación 11.10.2013 LF1   xxx B785v, 1968 41562-10 25.06.2020 25.06.2020 No se presta

Con tecnología Koha